|
|
|
|
| LEADER |
01414nam a22003972i 4500 |
| 001 |
001535542 |
| 003 |
CZ BrMZK |
| 005 |
20170418104929.0 |
| 007 |
ta |
| 008 |
160715s1986 xr a erc||||||||||cze d |
| 040 |
|
|
|a BOA001
|b cze
|e rda
|
| 043 |
|
|
|a e-xr---
|
| 045 |
|
|
|a x-x-
|
| 072 |
|
7 |
|a 76
|x Grafické umění. Grafika
|2 Konspekt
|9 21
|
| 080 |
|
|
|a 761.1
|2 MRF
|
| 080 |
|
|
|a 7.036/.038
|2 MRF
|
| 080 |
|
|
|a (437.3)
|2 MRF
|
| 080 |
|
|
|a (083.824)
|2 MRF
|
| 100 |
1 |
|
|a Hruška, Karel,
|d 1930-2015
|7 jk01043044
|4 art
|
| 245 |
1 |
0 |
|a Karel Hruška :
|b Shakespearovské cykly : Oblastní galerie Liberec, 16. ledna až 2. března 1986 /
|c Karel Hruška ; text Antonín Langhamer
|
| 246 |
3 |
0 |
|a Shakespearovské cykly
|
| 264 |
|
1 |
|a Liberec :
|b Oblastní galerie,
|c 1986
|
| 300 |
|
|
|a 1 složený list :
|b ilustrace
|
| 336 |
|
|
|a text
|b txt
|2 rdacontent
|
| 337 |
|
|
|a bez média
|b n
|2 rdamedia
|
| 338 |
|
|
|a svazek
|b nc
|2 rdacarrier
|
| 600 |
1 |
7 |
|a Hruška, Karel,
|d 1930-
|7 jk01043044
|
| 648 |
|
7 |
|a 20. století
|7 ch460558
|
| 650 |
0 |
7 |
|a dřevořezy
|7 ph135151
|z Česko
|y 20. století
|2 czenas
|
| 650 |
0 |
7 |
|a moderní umění
|7 ph115340
|z Česko
|2 czenas
|
| 655 |
|
7 |
|a katalogy výstav
|7 fd132536
|2 czenas
|
| 700 |
1 |
|
|a Langhamer, Antonín,
|d 1936-2017
|7 jk01071538
|4 wfw
|
| 910 |
|
|
|a BOA001
|b X-0913.283
|
| 990 |
|
|
|a BK
|
| 991 |
|
|
|b 201605
|
| 996 |
6 |
|
|b 2619168700
|c X-0913.283
|l MZK
|r Sklad / do 24 hodin
|n 0
|w 001570444
|u 000010
|a 1
|e BOA001
|j MZK50
|s P
|